[Event "CHN Team Women 2025"]
[Site "Zhangjiakou CHN"]
[Date "2025.04.25"]
[Round "1.1"]
[White "Guo, Qi"]
[Black "Wang, Yu A."]
[Result "1/2-1/2"]
[WhiteTitle "IM"]
[BlackTitle "IM"]
[WhiteElo "2377"]
[BlackElo "2197"]
[WhiteTeam "Jiangsu"]
[BlackTeam "Beijing"]
[WhiteFideId "8604002"]
[BlackFideId "8601097"]
[EventDate "2025.04.25"]

1. d4 Nf6 2. c4 e6 3. Nf3 Bb4+ 4. Nbd2 b6 5. a3 Bxd2+ 6. Qxd2 O-O 7. e3 d5 8.
Be2 Ba6 9. b3 c5 10. dxc5 dxc4 11. cxb6 axb6 12. bxc4 Nc6 13. Bb2 Na5 14. Qxd8
Rfxd8 15. Bd4 Nxc4 16. Bxc4 Bxc4 17. Ne5 Ba6 18. Nc6 Rd6 19. Nb4 Bc4 20. f3 Nd7
21. Kf2 e5 22. Bc3 f6 23. Rhc1 b5 24. Nc2 Nc5 25. Bb4 Nd3+ 26. Kg1 Nxc1 27. Bxd6
Nd3 28. Nb4 Nxb4 29. Bxb4 Rd8 30. a4 bxa4 1/2-1/2

[Event "CHN Team Women 2025"]
[Site "Zhangjiakou CHN"]
[Date "2025.04.25"]
[Round "1.2"]
[White "Xue, Shixuan"]
[Black "Gao, Muziyan"]
[Result "1/2-1/2"]
[WhiteElo "1873"]
[BlackElo "2228"]
[WhiteTeam "Beijing"]
[BlackTeam "Jiangsu"]
[WhiteFideId "8611068"]
[BlackFideId "8635889"]
[EventDate "2025.04.25"]

1. c4 c5 2. Nc3 Nf6 3. g3 g6 4. Bg2 Bg7 5. e3 O-O 6. Nge2 Nc6 7. d4 cxd4 8. exd4
d6 9. O-O Bf5 10. Qa4 Nd7 11. Qd1 Rc8 12. b3 a6 13. Bg5 h6 14. Be3 e5 15. Qd2
Kh7 16. Rad1 Qa5 17. Ne4 Qxd2 18. Rxd2 Bxe4 19. Bxe4 f5 20. Bxc6 Rxc6 21. dxe5
Nxe5 22. Kg2 Re8 23. Nd4 Rcc8 24. Nf3 Nf7 25. Bf4 Bf8 26. h4 Re4 27. Rfd1 Be7
28. Rd4 g5 29. hxg5 hxg5 30. Be3 Re6 31. Rd5 Kg6 32. Nd4 Re5 33. Nf3 Re4 34. Nd4
Re5 35. Nf3 Re6 36. Nd4 Re5 1/2-1/2

[Event "CHN Team Women 2025"]
[Site "Zhangjiakou CHN"]
[Date "2025.04.25"]
[Round "1.3"]
[White "Zhang, Xiao"]
[Black "Wang, Yi(BJ)"]
[Result "1-0"]
[WhiteTitle "WIM"]
[WhiteElo "2211"]
[BlackElo "1791"]
[WhiteTeam "Jiangsu"]
[BlackTeam "Beijing"]
[WhiteFideId "8610894"]
[BlackFideId "8640700"]
[EventDate "2025.04.25"]

1. d4 d5 2. c4 Bf5 3. Nc3 e6 4. Bf4 Nf6 5. e3 dxc4 6. Bxc4 Bd6 7. Bg5 h6 8. Bxf6
gxf6 9. e4 Bg6 10. h4 h5 11. Nh3 Nd7 12. f4 Bb4 13. Nf2 Nb6 14. Be2 Qd6 15. Qd2
O-O-O 16. a3 Bxc3 17. bxc3 Qc6 18. Bf3 Nc4 19. Qc1 Na5 20. Rb1 Qa6 21. Rb4 Rhg8
22. Qb1 Qc6 23. Qb2 b6 24. O-O Qd6 25. e5 fxe5 26. fxe5 Qe7 27. Ra4 c6 28. Qe2
Qc7 29. Ne4 Bxe4 30. Bxe4 Rd7 31. Qxh5 b5 32. Rb4 Nc4 33. Qe2 Nb6 34. Qf3 a5 35.
Rbb1 Nd5 36. Bxd5 exd5 37. h5 Qd8 38. Qf6 Qc7 39. h6 Rg6 40. h7 1-0

[Event "CHN Team Women 2025"]
[Site "Zhangjiakou CHN"]
[Date "2025.04.25"]
[Round "1.4"]
[White "Liu, Manli"]
[Black "Wang, Chuqiao"]
[Result "1-0"]
[WhiteTitle "WIM"]
[BlackTitle "WIM"]
[WhiteElo "2048"]
[BlackElo "2227"]
[WhiteTeam "Guangdong"]
[BlackTeam "Chongqing"]
[WhiteFideId "8608121"]
[BlackFideId "8631638"]
[EventDate "2025.04.25"]

1. e4 e6 2. d4 d5 3. Nd2 c5 4. exd5 Qxd5 5. Ngf3 cxd4 6. Bc4 Qd7 7. O-O Nc6 8.
Nb3 Nf6 9. Nbxd4 Nxd4 10. Qxd4 Qxd4 11. Nxd4 a6 12. Be2 Bd6 13. Nb3 Bd7 14. Bf3
Rb8 15. c4 O-O 16. Rd1 Be5 17. Re1 Bd6 18. Bg5 Ba4 19. Rad1 Bxb3 20. axb3 Bb4
21. Re3 Rfd8 22. Red3 Rxd3 23. Rxd3 b6 24. Bf4 Rf8 25. g4 h6 26. h4 Bc5 27. g5
hxg5 28. hxg5 Nh7 29. Rd7 Re8 30. Be4 e5 31. Bd2 Nf8 32. Rb7 Ne6 33. Bd5 Re7 34.
Rxe7 Bxe7 35. Bxe6 fxe6 36. g6 Kf8 37. Kg2 Bc5 38. Kf3 Bd4 39. Ke4 Bxb2 40. Bg5
Ke8 41. f3 Bc3 42. Bh4 b5 43. c5 a5 44. c6 a4 45. bxa4 bxa4 46. Kd3 Bb4 47. Bf6
Bd6 48. Bxg7 a3 49. Kc2 Ke7 50. Kb3 Ke8 51. Bf6 Kf8 52. Bd8 Kg7 53. c7 Bxc7 54.
Bxc7 Kxg6 55. Bxe5 Kf5 56. f4 Ke4 57. Kxa3 Kd5 58. Kb4 Kc6 59. Kc4 Kb6 60. Kd4
Kc6 61. Bg7 1-0

[Event "CHN Team Women 2025"]
[Site "Zhangjiakou CHN"]
[Date "2025.04.25"]
[Round "1.5"]
[White "Sun, Fanghui"]
[Black "Cai, Youyang"]
[Result "1/2-1/2"]
[WhiteTitle "WIM"]
[WhiteElo "2208"]
[BlackElo "2010"]
[WhiteTeam "Chongqing"]
[BlackTeam "Guangdong"]
[WhiteFideId "8604150"]
[BlackFideId "8616930"]
[EventDate "2025.04.25"]

1. e4 e5 2. Nf3 Nc6 3. Bb5 a6 4. Ba4 Nf6 5. d3 b5 6. Bb3 Bc5 7. Nc3 h6 8. Nd5
O-O 9. c3 d6 10. Nxf6+ Qxf6 11. Bd5 Bb7 12. Rg1 Nd8 13. g4 Bxd5 14. g5 hxg5 15.
Bxg5 Qe6 16. exd5 Qxd5 17. Bf6 Ne6 18. Nh4 Rfb8 19. Nf5 Kf8 20. Qh5 Ke8 21.
Nxg7+ Nxg7 22. Rxg7 Qe6 23. Bh4 b4 24. c4 Bd4 25. O-O-O b3 26. a3 Kd7 27. Rxf7+
Kc6 28. Qf3+ Kb6 29. Kb1 Rh8 30. Bg3 Rae8 31. Re1 Re7 32. Rxe7 Qxe7 33. Qd5 Qf6
34. c5+ Bxc5 35. Qxb3+ Ka7 36. Qc2 Bb6 37. Re4 Qf7 38. Rc4 Rb8 39. Rb4 Qf3 40.
Rb3 Rf8 41. Qc4 Qf7 42. Rc3 Qxc4 43. Rxc4 Bxf2 44. Rxc7+ Kb6 45. Rg7 Bd4 46. Kc2
Rf1 47. b4 Kc6 48. Rg6 Ra1 49. Kb3 Rd1 50. Kc2 Ra1 51. Kb3 Rd1 52. Kc2 Ra1 53.
Kb3 1/2-1/2

[Event "CHN Team Women 2025"]
[Site "Zhangjiakou CHN"]
[Date "2025.04.25"]
[Round "1.6"]
[White "Peng, Xinbei"]
[Black "Zhang, Lanlin"]
[Result "0-1"]
[WhiteElo "1801"]
[BlackElo "2194"]
[WhiteTeam "Guangdong"]
[BlackTeam "Chongqing"]
[WhiteFideId "8607680"]
[BlackFideId "8608032"]
[EventDate "2025.04.25"]

1. e4 c5 2. d3 e5 3. Nc3 Nc6 4. g3 g6 5. Bg2 Bg7 6. Be3 d6 7. Nge2 Nge7 8. Qd2
Nd4 9. O-O O-O 10. f4 Rb8 11. Nd1 Bg4 12. Nc1 Qd7 13. c3 Ndc6 14. Nf2 Be6 15.
Ne2 b6 16. d4 exd4 17. cxd4 d5 18. Rfd1 c4 19. Nc3 b5 20. h3 h5 21. Kh2 Rfd8 22.
e5 Nf5 23. Ne2 Nb4 24. Ng1 Nxe3 25. Qxe3 Nc2 26. Qe2 Nxa1 27. Rxa1 b4 28. Rc1
Rdc8 29. g4 hxg4 30. hxg4 b3 31. axb3 cxb3 32. Rc5 Bf8 33. f5 gxf5 34. gxf5 Bxf5
35. Rxd5 Qe6 36. Ngh3 Rc2 37. Qf3 Rxb2 38. Ne4 Bxe4 39. Qxe4 Qg6 40. Qxg6+ fxg6
41. Rd7 Rxg2+ 42. Kxg2 b2 43. Ng5 b1=Q 0-1

[Event "CHN Team Women 2025"]
[Site "Zhangjiakou CHN"]
[Date "2025.04.25"]
[Round "1.7"]
[White "Yan, Tianqi"]
[Black "Long, Siyu"]
[Result "1-0"]
[WhiteTitle "WIM"]
[WhiteElo "2344"]
[BlackElo "1937"]
[WhiteTeam "Hangzhou"]
[BlackTeam "Chengdu"]
[WhiteFideId "8615250"]
[BlackFideId "8613125"]
[EventDate "2025.04.25"]

1. e4 e5 2. Nf3 Nc6 3. Bb5 a6 4. Ba4 Nf6 5. O-O Be7 6. Re1 b5 7. Bb3 d6 8. c3
O-O 9. d4 Bb7 10. Nbd2 Re8 11. Nf1 Bf8 12. Bg5 h6 13. Bh4 Be7 14. Ng3 Nh7 15.
Nf5 Bxh4 16. N3xh4 Na5 17. Bc2 g6 18. Nxh6+ Kg7 19. N6f5+ gxf5 20. Nxf5+ Kh8 21.
Re3 Qf6 22. Rh3 Bc8 23. Rh6 Qg5 24. f4 Qg8 25. fxe5 dxe5 26. Qh5 Re6 27. Rf1 Nc4
28. Rf3 Rg6 29. Rg3 Rxg3 30. Nxg3 Bg4 31. Qh4 Re8 32. h3 Bc8 33. Qf6+ Qg7 34.
Nh5 Qxf6 35. Rxh7+ Kxh7 36. Nxf6+ Kg6 37. Nxe8 c6 38. b4 f6 39. Bb3 Nd2 40. Nd6
Bd7 41. dxe5 fxe5 42. Nb7 Nxe4 43. Bc2 Bf5 44. g4 1-0

[Event "CHN Team Women 2025"]
[Site "Zhangjiakou CHN"]
[Date "2025.04.25"]
[Round "1.8"]
[White "Peng, Shiyang"]
[Black "Wang, Qinxuanyi"]
[Result "0-1"]
[WhiteElo "1688"]
[BlackElo "2216"]
[WhiteTeam "Chengdu"]
[BlackTeam "Hangzhou"]
[WhiteFideId "8638632"]
[BlackFideId "8636060"]
[EventDate "2025.04.25"]

1. Nf3 d5 2. c4 c6 3. e3 Nf6 4. b3 Bf5 5. Bb2 h6 6. d3 e6 7. Be2 Be7 8. O-O O-O
9. Nc3 Nbd7 10. Rc1 Re8 11. cxd5 exd5 12. Qd2 a6 13. Rfd1 Bd6 14. a3 Qe7 15. b4
a5 16. b5 c5 17. a4 Nb6 18. Re1 Bh7 19. Ba3 d4 20. exd4 cxd4 21. Bd1 dxc3 22.
Qxc3 Qd7 23. Rxe8+ Rxe8 24. Bxd6 Qxd6 25. Qxa5 Nfd5 26. Qd2 Bg6 27. d4 Rc8 28.
Ne5 Rxc1 29. Qxc1 Qb4 30. Be2 Qxa4 31. Qc5 Qb4 32. g3 Be4 33. Nc4 Qe1+ 34. Bf1
Bd3 35. Nd2 Qxd2 36. Bxd3 Qxd3 37. Qd6 Qxd4 38. Qd8+ Kh7 0-1

[Event "CHN Team Women 2025"]
[Site "Zhangjiakou CHN"]
[Date "2025.04.25"]
[Round "1.9"]
[White "Ha, Yihan"]
[Black "He, Xiyao"]
[Result "1-0"]
[WhiteElo "2154"]
[BlackElo "1608"]
[WhiteTeam "Hangzhou"]
[BlackTeam "Chengdu"]
[WhiteFideId "8617120"]
[BlackFideId "8640661"]
[EventDate "2025.04.25"]

1. d4 Nf6 2. c4 g6 3. Nf3 Bg7 4. Nc3 O-O 5. g3 d6 6. Bg2 Nbd7 7. O-O e5 8. h3 c6
9. e4 Qb6 10. c5 dxc5 11. dxe5 Ne8 12. e6 fxe6 13. Ng5 Bxc3 14. bxc3 Ng7 15. Qd6
Re8 16. Qf4 Re7 17. Qh4 Nh5 18. g4 Nhf6 19. e5 Nd5 20. c4 Nb4 21. Ne4 Rf7 22.
Nd6 Nc2 23. Nxf7 Nxa1 24. Qe7 Nf8 25. Nh6+ Kh8 26. Qxf8# 1-0

[Event "CHN Team Women 2025"]
[Site "Zhangjiakou CHN"]
[Date "2025.04.25"]
[Round "1.10"]
[White "Jiang, Tianyu"]
[Black "Ding, Yixin"]
[Result "0-1"]
[BlackTitle "WGM"]
[WhiteElo "2102"]
[BlackElo "2397"]
[WhiteTeam "Shandong"]
[BlackTeam "Zhengjiang"]
[WhiteFideId "8627215"]
[BlackFideId "8602972"]
[EventDate "2025.04.25"]

1. e4 c5 2. Nf3 Nc6 3. Bb5 e6 4. Bxc6 bxc6 5. b3 Ne7 6. Bb2 Qc7 7. d3 Ng6 8. h4
h5 9. e5 Be7 10. Nbd2 f6 11. Nc4 Ba6 12. Qe2 Bxc4 13. dxc4 Qa5+ 14. Kf1 O-O-O
15. a4 Nxe5 16. Nxe5 fxe5 17. Bxe5 Bf6 18. Rd1 Bxe5 19. Qxe5 g6 20. Rh3 Rhf8 21.
Rg3 Rf5 22. Qd6 Qc7 23. Qxc7+ Kxc7 24. Rxg6 Rdf8 25. Rd2 R8f7 26. g3 e5 27. Kg1
e4 28. Re2 Re7 29. Rg5 Rxg5 30. hxg5 d5 31. f4 Kd6 32. Rh2 d4 33. Kf2 Rh7 34. g6
Rh6 35. f5 Ke7 36. g4 h4 37. Ke2 Kf8 38. Kf2 e3+ 39. Kf3 h3 40. g5 Rh4 41. f6
Kg8 42. Kg3 Re4 43. Re2 h2 44. Kxh2 Re5 45. f7+ Kf8 46. Rg2 Re6 47. g7+ Kxf7 48.
Rg1 Re5 49. Kh3 Kxg7 50. Kg4 Kg6 51. Kf4 Rf5+ 52. Ke4 Rxg5 53. Re1 Rg4+ 54. Kd3
Rg2 55. c3 Rd2+ 56. Ke4 e2 57. cxd4 cxd4 58. Rg1+ Kf6 59. Kf3 Rd1 0-1

[Event "CHN Team Women 2025"]
[Site "Zhangjiakou CHN"]
[Date "2025.04.25"]
[Round "1.11"]
[White "Bai, Xue"]
[Black "Sun, Jihan"]
[Result "1-0"]
[WhiteElo "2100"]
[BlackElo "1811"]
[WhiteTeam "Zhengjiang"]
[BlackTeam "Shandong"]
[WhiteFideId "8608717"]
[BlackFideId "8618992"]
[EventDate "2025.04.25"]

1. e4 c5 2. Nf3 Nc6 3. Bb5 g6 4. Bxc6 dxc6 5. d3 Bg7 6. h3 Nf6 7. Nc3 Nd7 8. Be3
e5 9. Qd2 Qe7 10. Bh6 O-O 11. g4 Rd8 12. Qe3 Nf8 13. Ne2 Ne6 14. Bxg7 Kxg7 15.
Nxe5 Nd4 16. Nxd4 Qxe5 17. Nb3 Qxb2 18. Qxc5 b6 19. Qg5 Be6 20. Qc1 Qe5 21. f4
Qf6 22. g5 Qe7 23. Qb2+ Kg8 24. Kf2 c5 25. Qe5 c4 26. Nd4 Rac8 27. Nxe6 Qxe6 28.
Qxe6 fxe6 29. Ke3 cxd3 30. cxd3 Rc3 31. Rad1 Kf7 32. h4 Rdc8 33. h5 R8c6 34.
hxg6+ Kxg6 35. Rh6+ Kg7 36. Kd4 Ra3 37. Rdh1 Rd6+ 38. Ke5 Raxd3 39. Rxh7+ Kg8
40. Rh8+ Kg7 41. R1h7+ Kg6 42. f5+ exf5 43. exf5+ Kxg5 44. Rg7+ 1-0

[Event "CHN Team Women 2025"]
[Site "Zhangjiakou CHN"]
[Date "2025.04.25"]
[Round "1.12"]
[White "Shi, Yige"]
[Black "Zheng, Xiner"]
[Result "1-0"]
[WhiteElo "1764"]
[BlackElo "1774"]
[WhiteTeam "Shandong"]
[BlackTeam "Zhengjiang"]
[WhiteFideId "8636028"]
[BlackFideId "8615306"]
[EventDate "2025.04.25"]

1. d4 Nf6 2. c4 g6 3. Nc3 Bg7 4. e4 d6 5. h3 O-O 6. Be3 e5 7. d5 c6 8. g4 cxd5
9. cxd5 a6 10. a4 Qa5 11. f3 Nbd7 12. Rb1 Qc7 13. Nge2 h6 14. Qd2 Kh7 15. Ng3
Ng8 16. h4 Nb6 17. b3 Bd7 18. Rc1 Qd8 19. Bd3 Nc8 20. b4 Nce7 21. h5 g5 22. a5
Rc8 23. Kf2 Nf6 24. Bb6 Qe8 25. Qe2 Ra8 26. b5 Bc8 27. Bc7 Bxg4 28. fxg4 Qd7 29.
Na4 Nxg4+ 30. Kg2 Nc8 31. Nf5 Nf6 32. bxa6 bxa6 33. Nb6 Nxb6 34. axb6 Rac8 35.
Bxa6 Ra8 36. Bb5 1-0

[Event "CHN Team Women 2025"]
[Site "Zhangjiakou CHN"]
[Date "2025.04.25"]
[Round "1.13"]
[White "Zhai, Mo"]
[Black "Peng, Jingyi(GD)"]
[Result "1-0"]
[WhiteTitle "WGM"]
[WhiteElo "2365"]
[BlackElo "1753"]
[WhiteTeam "Hebei"]
[BlackTeam "Shenzhen"]
[WhiteFideId "8600201"]
[BlackFideId "8640416"]
[EventDate "2025.04.25"]

1. d4 Nf6 2. c4 e6 3. Nf3 Bb4+ 4. Bd2 Bxd2+ 5. Qxd2 O-O 6. Nc3 d5 7. e3 b6 8.
cxd5 Nxd5 9. Nxd5 Qxd5 10. Bd3 Bb7 11. e4 Qh5 12. Rc1 Nc6 13. O-O Rfd8 14. Qe3
Rac8 15. Rfd1 Ne7 16. Be2 Qg6 17. Qa3 Qxe4 18. Bd3 Qg4 19. h3 Qh5 20. Qxe7 Bxf3
21. gxf3 Qxf3 22. Qh4 g6 23. Be4 Qe2 24. d5 exd5 25. Bxd5 Re8 26. Bxf7+ Kxf7 27.
Rd7+ Ke6 28. Qxh7 Qe4 29. Qf7+ Ke5 30. f4+ 1-0

[Event "CHN Team Women 2025"]
[Site "Zhangjiakou CHN"]
[Date "2025.04.25"]
[Round "1.14"]
[White "Lin, Yingge"]
[Black "Li, Junying"]
[Result "0-1"]
[WhiteElo "1589"]
[BlackElo "2096"]
[WhiteTeam "Shenzhen"]
[BlackTeam "Hebei"]
[WhiteFideId "8650926"]
[BlackFideId "8600554"]
[EventDate "2025.04.25"]

1. d4 d6 2. Nf3 g6 3. Nc3 Bg7 4. h3 c6 5. e4 Nf6 6. Be3 b5 7. a3 O-O 8. Be2 a6
9. O-O Nbd7 10. Qd2 e5 11. Rfd1 Bb7 12. dxe5 dxe5 13. Ne1 Qe7 14. Nd3 Rfd8 15.
Qe1 c5 16. f3 Rac8 17. Qf2 Bf8 18. Rd2 Re8 19. Rc1 Qe6 20. Bf1 Qc6 21. Ne1 Nb6
22. Nb1 Qe6 23. c4 Nxc4 24. Bxc4 bxc4 25. Rdc2 Nd7 26. Rxc4 f5 27. exf5 gxf5 28.
Qh4 Bd5 29. R4c3 Be7 30. Bg5 Bd6 31. Nd3 c4 32. Nd2 Nb6 33. Nf2 Rc7 34. f4 exf4
35. Bxf4 Rg7 36. Rg3 Bf8 37. Rcc3 Qe7 38. Qh5 Qf7 39. Qh4 Kh8 40. Rxg7 Bxg7 41.
Re3 Rg8 42. Nf3 Bxf3 43. Rxf3 Bf6 44. Bg5 Rxg5 45. Qf4 Qg8 46. Ne4 Bd4+ 47. Nf2
Rxg2+ 48. Kf1 Rg1+ 49. Ke2 Qe6+ 50. Kd2 Qe1+ 51. Kc2 Qb1+ 52. Kd2 Qxb2# 0-1

[Event "CHN Team Women 2025"]
[Site "Zhangjiakou CHN"]
[Date "2025.04.25"]
[Round "1.15"]
[White "Yang, Yijing"]
[Black "Yi, Ruiyu"]
[Result "1-0"]
[WhiteTitle "WCM"]
[WhiteElo "2085"]
[BlackElo "1563"]
[WhiteTeam "Hebei"]
[BlackTeam "Shenzhen"]
[WhiteFideId "8608601"]
[BlackFideId "8649120"]
[EventDate "2025.04.25"]

1. c4 e6 2. Nf3 d5 3. g3 d4 4. Bg2 c5 5. O-O Nc6 6. d3 Nf6 7. e3 Be7 8. exd4
cxd4 9. Na3 a6 10. Nc2 O-O 11. Re1 Qb6 12. Qe2 Bd6 13. b4 Nxb4 14. Rb1 Bc5 15.
Nxb4 Bxb4 16. a3 a5 17. Bd2 Rd8 18. axb4 a4 19. Bg5 a3 20. b5 Bd7 21. Qe5 Ng4
22. Bxd8 Qxd8 23. Qxd4 Nf6 24. Ne5 Rb8 25. c5 Qc7 26. Nxd7 Nxd7 27. c6 1-0

[Event "CHN Team Women 2025"]
[Site "Zhangjiakou CHN"]
[Date "2025.04.25"]
[Round "1.16"]
[White "Xia, Miaoyan"]
[Black "Zhang, Xiaowen"]
[Result "0-1"]
[BlackTitle "WGM"]
[WhiteElo "1676"]
[BlackElo "2261"]
[WhiteTeam "Anhui"]
[BlackTeam "Shanghai"]
[WhiteFideId "8639582"]
[BlackFideId "8603219"]
[EventDate "2025.04.25"]

1. e4 e6 2. d4 d5 3. Nd2 Nf6 4. e5 Nfd7 5. Bd3 c5 6. c3 Nc6 7. Ne2 cxd4 8. cxd4
f6 9. Nf4 Nxd4 10. Qh5+ Ke7 11. Ng6+ hxg6 12. exf6+ Nxf6 13. Qxh8 Kf7 14. O-O e5
15. Nf3 Nxf3+ 16. gxf3 e4 17. fxe4 Nh5 18. e5 Qh4 19. Bxg6+ Kxg6 20. Qxf8 Bf5
21. Qa3 Qg4+ 22. Kh1 Qe2 23. Kg1 Bd3 24. Bd2 Qxd2 25. Rfd1 Qg5+ 26. Kh1 Be4+ 27.
f3 Rh8 28. Qd6+ Kh7 29. fxe4 Qe3 30. Rf1 Qxe4+ 31. Kg1 Qg4+ 32. Kf2 Rc8 33. Qxd5
Rc2+ 34. Ke3 Qe2+ 35. Kd4 Qd2+ 36. Ke4 Qg2+ 37. Rf3 Re2+ 38. Kd4 Rd2+ 39. Rd3
Rxd3+ 0-1

[Event "CHN Team Women 2025"]
[Site "Zhangjiakou CHN"]
[Date "2025.04.25"]
[Round "1.17"]
[White "Zhou, Shumeng"]
[Black "Liu, Xinyu"]
[Result "1-0"]
[WhiteElo "1954"]
[BlackElo "1596"]
[WhiteTeam "Shanghai"]
[BlackTeam "Anhui"]
[WhiteFideId "8622116"]
[BlackFideId "8624194"]
[EventDate "2025.04.25"]

1. e4 e5 2. Nf3 Nc6 3. Bc4 Bc5 4. c3 Nf6 5. d3 h6 6. O-O O-O 7. Re1 d6 8. h3 Re8
9. Nbd2 Be6 10. b4 Bb6 11. Bxe6 fxe6 12. a4 a5 13. b5 Ne7 14. Nf1 Ng6 15. g3 d5
16. Qc2 c5 17. bxc6 bxc6 18. N1d2 c5 19. Rb1 d4 20. cxd4 exd4 21. Ba3 Rc8 22.
Rb5 Nd7 23. Reb1 h5 24. h4 Ba7 25. Rb7 Rc7 26. Rxc7 Qxc7 27. Nxd4 Bb8 28. N4f3
Rc8 29. Rb5 Ba7 30. Kg2 Nge5 31. Bb2 Ng4 32. Qc3 Ndf6 33. Nc4 Bb8 34. Qxa5 Qxa5
35. Nxa5 Nd7 36. Nc4 Kf8 37. a5 Rc6 38. Rb7 Ke8 39. Bxg7 e5 40. Bxe5 Ngxe5 41.
Nfxe5 Bxe5 42. Rxd7 Kxd7 43. Nxe5+ Kc7 44. Nxc6 Kxc6 45. e5 1-0

[Event "CHN Team Women 2025"]
[Site "Zhangjiakou CHN"]
[Date "2025.04.25"]
[Round "1.18"]
[White "Ge, Qiyan"]
[Black "Xue, Tianhao"]
[Result "0-1"]
[BlackTitle "WFM"]
[WhiteElo "1450"]
[BlackElo "1921"]
[WhiteTeam "Anhui"]
[BlackTeam "Shanghai"]
[WhiteFideId "8624062"]
[BlackFideId "8626480"]
[EventDate "2025.04.25"]

1. e4 c6 2. Nc3 d5 3. exd5 cxd5 4. d4 Nf6 5. Nf3 Nc6 6. Be2 Bg4 7. h3 Bh5 8. Be3
e6 9. O-O Bb4 10. Qd3 Bg6 11. Qd1 O-O 12. Bd3 Bxc3 13. bxc3 Na5 14. Ne5 Rc8 15.
Nxg6 hxg6 16. Bd2 Ne8 17. Qe2 Nd6 18. Rab1 Qd7 19. Bb5 Qe7 20. Bd3 Nac4 21. Bxc4
Rxc4 22. Rb4 Rc6 23. Rfb1 Rfc8 24. f3 b6 25. R4b3 Nc4 26. Re1 Qc7 27. Rc1 Nxd2
28. Qxd2 a5 29. Kf2 a4 30. Rb4 Qa7 31. c4 Rxc4 32. Rxc4 Rxc4 33. a3 Qe7 34. Qd3
Qh4+ 35. Kf1 Rxd4 36. Qc3 Rc4 37. Qe3 Qd8 38. c3 Qc7 0-1

[Event "CHN Team Women 2025"]
[Site "Zhangjiakou CHN"]
[Date "2025.04.25"]
[Round "1.19"]
[White "Xiao, Yiyi"]
[Black "Cong, Yanbo"]
[Result "1/2-1/2"]
[WhiteTitle "WGM"]
[WhiteElo "2353"]
[BlackElo "1633"]
[WhiteTeam "Tianjin"]
[BlackTeam "Qingdao"]
[WhiteFideId "8606161"]
[BlackFideId "8643709"]
[EventDate "2025.04.25"]

1. Nf3 d5 2. g3 Nf6 3. Bg2 e6 4. O-O Bd6 5. d4 c5 6. c4 Nbd7 7. cxd5 exd5 8.
dxc5 Bxc5 9. Nc3 Nb6 10. Bg5 Be6 11. Rc1 Rc8 12. Nd4 h6 13. Nxe6 fxe6 14. Bxf6
Qxf6 15. Na4 Nxa4 16. Qxa4+ Ke7 17. e3 Bb6 18. Qb5 Rhf8 19. Qe2 Qe5 20. b4 Rxc1
21. Rxc1 d4 22. Re1 dxe3 23. fxe3 Rc8 24. Qf3 Qc3 25. Rf1 Qxe3+ 26. Kh1 Qxf3 27.
Bxf3 Rc7 28. a4 Bd4 29. b5 a5 30. b6 Bxb6 31. Rb1 Be3 32. Rxb7 Rxb7 33. Bxb7 g5
34. g4 Kd6 35. Kg2 Ke5 36. Bc8 Kd5 37. Kf3 Bf4 38. h4 e5 39. Bb7+ Kd4 40. h5 Bc1
41. Bc6 Bf4 42. Bb7 Bc1 43. Bc6 Bf4 1/2-1/2

[Event "CHN Team Women 2025"]
[Site "Zhangjiakou CHN"]
[Date "2025.04.25"]
[Round "1.20"]
[White "Sun, Yucan(SD)"]
[Black "Zhao, Shengxin"]
[Result "0-1"]
[BlackTitle "WFM"]
[WhiteElo "1594"]
[BlackElo "2210"]
[WhiteTeam "Qingdao"]
[BlackTeam "Tianjin"]
[WhiteFideId "8647410"]
[BlackFideId "8608040"]
[EventDate "2025.04.25"]

1. e4 c5 2. Nf3 a6 3. d4 cxd4 4. Nxd4 e5 5. Nf3 Nc6 6. Bc4 h6 7. O-O Nf6 8. Re1
Be7 9. Nc3 d6 10. a4 O-O 11. h3 Nb4 12. Na2 Nxa2 13. Bxa2 b5 14. axb5 Bb7 15.
Qd3 axb5 16. Bd2 Qc7 17. Nh4 Bxe4 18. Rxe4 Nxe4 19. Qxe4 Ra4 20. b4 Bxh4 21.
Qxh4 Qxc2 22. Be3 Rxa2 23. Rxa2 Qxa2 0-1

[Event "CHN Team Women 2025"]
[Site "Zhangjiakou CHN"]
[Date "2025.04.26"]
[Round "2.1"]
[White "Zhai, Mo"]
[Black "Shen, Yang"]
[Result "*"]
[WhiteElo "2365"]
[BlackElo "2401"]
[EventDate "2025.04.22"]

1. d4 d5 2. c4 c6 3. cxd5 cxd5 4. Bf4 Nf6 5. Nc3 Nc6 6. e3 a6 7. Be2 Bf5 8.
Nf3 e6 9. Qb3 Nh5 10. Be5 f6 11. Bg3 Nxg3 12. hxg3 Bg6 13. Rc1 Na5 14. Qd1
Bb4 15. Bd3 Kf7 *

[Event "CHN Team Women 2025"]
[Site "Zhangjiakou CHN"]
[Date "2025.04.26"]
[Round "2.2"]
[White "Gao, Muziyan"]
[Black "Li, Junying"]
[Result "*"]
[WhiteElo "2228"]
[BlackElo "2096"]
[EventDate "2025.04.22"]

1. Nf3 d5 2. g3 Nc6 3. d4 Bf5 4. Bg2 e6 5. O-O Nb4 6. Na3 Nc6 7. Nb1 Nb4 8.
Na3 Nc6 9. Nh4 Bxa3 10. Nxf5 exf5 11. bxa3 Na5 12. Qd3 Qd7 13. a4 Nf6 14.
Bh3 g6 15. Bh6 Ng4 *

[Event "CHN Team Women 2025"]
[Site "Zhangjiakou CHN"]
[Date "2025.04.26"]
[Round "2.3"]
[White "Yang, Yijing"]
[Black "Zhang, Xiao"]
[Result "*"]
[WhiteElo "2085"]
[BlackElo "2211"]
[EventDate "2025.04.22"]

1. d4 d6 2. Nf3 g6 3. g3 Bg7 4. Bg2 Nf6 5. O-O O-O 6. c4 Nbd7 7. Nc3 c6 8.
e4 e5 9. h3 a6 10. a4 Qa5 11. Bd2 Qc7 12. Be3 h6 13. a5 *

[Event "CHN Team Women 2025"]
[Site "Zhangjiakou CHN"]
[Date "2025.04.26"]
[Round "2.4"]
[White "Ni, Shiqun"]
[Black "Yan, Tianqi"]
[Result "*"]
[WhiteElo "2360"]
[BlackElo "2344"]
[EventDate "2025.04.22"]

1. e4 e5 2. Nf3 Nc6 3. Bb5 Nf6 4. O-O Nxe4 5. Re1 Nd6 6. Nxe5 Be7 7. Bf1
Nxe5 8. Rxe5 O-O 9. Nc3 Ne8 10. Nd5 Bd6 11. Re1 c6 12. Ne3 Bc7 13. Nf5 d5
14. Ne7+ Kh8 15. Nxc8 Rxc8 16. d3 Nf6 17. Bg5 h6 18. Bd2 Re8 19. Qf3 Be5
20. c3 Rc7 21. g3 Rce7 *

[Event "CHN Team Women 2025"]
[Site "Zhangjiakou CHN"]
[Date "2025.04.26"]
[Round "2.5"]
[White "Wang, Qinxuanyi"]
[Black "Zhang, Xiaowen"]
[Result "*"]
[WhiteElo "2216"]
[BlackElo "2261"]
[EventDate "2025.04.22"]

1. d4 d5 2. c4 e6 3. Nf3 c5 4. cxd5 exd5 5. Nc3 Nc6 6. g3 Nf6 7. Bg2 cxd4
8. Nxd4 Bc5 9. Nb3 Bb4 10. O-O Bxc3 11. bxc3 O-O 12. Qc2 Re8 13. Re1 Ne4
14. Bf4 Bf5 15. Qb2 *